Hóa hữu cơ Hidrocacbon : Lớp 10, 11, 12 chuyên Hóa và ôn thi Đại học
保存先:
| 第一著者: | |
|---|---|
| フォーマット: | 図書 |
| 言語: | Undetermined |
| 出版事項: |
Hà Nội
Giáo Dục
2005
|
| 主題: | |
| タグ: |
タグ追加
タグなし, このレコードへの初めてのタグを付けませんか!
|
| Thư viện lưu trữ: | Trung tâm Học liệu Trường Đại học Cần Thơ |
|---|
| LEADER | 00595nam a2200205Ia 4500 | ||
|---|---|---|---|
| 001 | CTU_92475 | ||
| 008 | 210402s9999 xx 000 0 und d | ||
| 020 | |c 8000 | ||
| 082 | |a 547 | ||
| 082 | |b Th400 | ||
| 100 | |a Nguyễn, Trọng Thọ | ||
| 245 | 0 | |a Hóa hữu cơ Hidrocacbon : | |
| 245 | 0 | |b Lớp 10, 11, 12 chuyên Hóa và ôn thi Đại học | |
| 245 | 0 | |c Nguyễn Trọng Thọ | |
| 260 | |a Hà Nội | ||
| 260 | |b Giáo Dục | ||
| 260 | |c 2005 | ||
| 650 | |a Chemistry, organic | ||
| 904 | |i Mai Loan | ||
| 980 | |a Trung tâm Học liệu Trường Đại học Cần Thơ | ||